| 000 | 01029nam a22002057a 4500 | ||
|---|---|---|---|
| 999 |
_c64065 _d64065 |
||
| 003 | Ge_BSU | ||
| 005 | 20260319172044.0 | ||
| 008 | 260319s1996 ge ||||| |||| 00| 0 geo d | ||
| 041 | _ageo | ||
| 080 | _a330.1(075.8) ბ-29 | ||
| 100 |
_aბასარია, რევაზ _927163 |
||
| 245 |
_aეკონომიკური თეორიის საფუძვლები / _cრევაზ ბასარია, იაკობ მესხია; რედ.: ნუგზარ სანთელაძე; თბილისის საფინანსო-ეკონ. აკადემია. |
||
| 264 |
_aთბილისი, _c1996. |
||
| 300 |
_a352 გვ. ; _b20 სმ. |
||
| 653 | _aეკონომიკური თეორია | ||
| 653 | _aეკონომიკსი | ||
| 700 |
_aმესხია, იაკობ _eავტორი _927164 |
||
| 700 |
_aსანთელაძე, ნუგზარ _eრედაქტორი _925019 |
||
| 942 |
_2udc _cᲬᲘᲒᲜᲘ |
||